Prezydenci Stanów Zjednoczonych - Statystyki

Ogólne statystyki
  • Ten quiz został rozwiązany 340 razy
  • Średni wynik to 26 z 47
Statystyki odpowiedzi
Nazwisko % Poprawnych
45 Donald Trump
100%
47 Donald Trump
100%
44 Barack Obama
98%
46 Joe Biden
98%
41 George H.W. Bush
91%
43 George W. Bush
91%
16 Abraham Lincoln
89%
35 John F. Kennedy
88%
1 George Washington
86%
42 Bill Clinton
83%
40 Ronald Reagan
83%
32 Franklin Delano Roosevelt
79%
37 Richard Nixon
79%
26 Theodore Roosevelt
78%
33 Harry Truman
68%
34 Dwight Eisenhower
65%
39 Jimmy Carter
65%
38 Gerald Ford
60%
28 Woodrow Wilson
58%
36 Lyndon B. Johnson
57%
3 Thomas Jefferson
57%
17 Andrew Johnson
56%
2 John Adams
46%
6 John Quincy Adams
46%
31 Herbert Hoover
44%
18 Ulysses Grant
41%
7 Andrew Jackson
38%
25 William McKinley
37%
5 James Monroe
36%
20 James Garfield
35%
27 William Taft
34%
22 Grover Cleveland
33%
24 Grover Cleveland
33%
4 James Madison
32%
8 Martin Van Buren
32%
30 Calvin Coolidge
31%
12 Zachary Taylor
31%
23 Benjamin Harrison
30%
9 William Henry Harrison
30%
11 James Polk
29%
15 James Buchanan
28%
10 John Tyler
28%
29 Warren Harding
27%
21 Chester Arthur
26%
14 Franklin Pierce
25%
13 Millard Fillmore
25%
19 Rutherford Hayes
25%
Nie znaleziono quizów pasujących do podanych kryteriów
Rozkład punktacji
Procent ludzi z każdym wynikiem
Percentyl według liczby udzielonych odpowiedzi
Twoja historia wyników
Nie rozwiązałeś tego quizu